00797nam a2200229 a 4500001001000000005001700010008004100027041000800068044000700076050002100083245011500104260002700219300003800246500000900284650004300293650005100336700003200387902000800419942001100427999001500438952011400453BRCA_823220190320210203.0230514s1957----gw-a###f##---#001-0#ger-# ager agw 4aN2325b.A48 195710aAlte Pinakothek Münchenbkurzes verzeichnis der bilder amtliche ausgabe 1957ceinführung von Erns Buchner. aMúnichbHirmerc1957 a119 p.bil. 266 láminasc21 cm. aT28b14aPinturasvCatálogoszMúnich92052814aPinturasvGalerías y museoszMúnich9205291 aBuchner, Ernseintr.920530 aGFM 2lcccB c7900d7900 00104070aBRCAbBRCAd2014-05-23iT28bl0oN2325 .A48 1957 (T28b)p8856r2019-03-22 00:00:00w2019-03-22yB